| 000 | 00786nam a2200229 u 4500 | ||
|---|---|---|---|
| 005 | 20210223133118.0 | ||
| 008 | 161103s2014 mx r 000 0 spa d | ||
| 020 | _a9786072803619 (UAM) | ||
| 020 | _a9788497849135 (Gedisa) | ||
| 035 | _aUPN01000214472 | ||
| 049 | _aCG | ||
| 050 | 4 |
_aJF1525 O7.4 _bLL3.8 |
|
| 100 | 1 |
_aLlamas Huitrón, Ignacio _940016 |
|
| 245 | 1 | 0 |
_aUtilitarismo y contractualismo : _bfundamentos para la evaluación de políticas públicas / _cIgnacio Llamas Huitrón. |
| 260 |
_aMéxico : _bUAM-Iztapalapa : _bGedisa, _c2014. |
||
| 300 | _a256 p. | ||
| 440 | 0 | _aBiblioteca iberoamericana de pensamiento | |
| 650 | 4 |
_aADMINISTRACION PUBLICA - _vEVALUACION _925581 |
|
| 650 | 4 |
_aPLANIFICACION POLITICA - _vEVALUACION _925092 |
|
| 905 | _aLibro | ||
| 999 |
_c186572 _d186572 |
||